MARC details
| 000 -LEADER |
| campo de control de longitud fija |
02231cam a2200445Li 4500 |
| 001 - NÚMERO DE CONTROL |
| campo de control |
80137 |
| 005 - FECHA Y HORA DE LA ÚLTIMA TRANSACCIÓN |
| campo de control |
20230410103901.0 |
| 008 - DATOS DE LONGITUD FIJA--INFORMACIÓN GENERAL |
| campo de control de longitud fija |
090512s20092005fr 001 0 fre d |
| 035 ## - NÚMERO DE CONTROL DEL SISTEMA |
| Número de control de sistema |
(OCoLC)ocn470972014 |
| 040 ## - FUENTE DE CATALOGACIÓN |
| Centro catalogador/agencia de origen |
BDF |
| Lengua de catalogación |
fre |
| Centro/agencia transcriptor |
BDF |
| 016 7# - NÚMERO DE CONTROL DE UNA AGENCIA BIBLIOGRÁFICA NACIONAL |
| Número de control del registro |
FRBNF414797380000009 |
| Fuente |
FrPBN |
| 020 ## - NÚMERO INTERNACIONAL ESTÁNDAR DEL LIBRO |
| Número Internacional Estándar del Libro |
9782200242695 (br) |
| 020 ## - NÚMERO INTERNACIONAL ESTÁNDAR DEL LIBRO |
| Número Internacional Estándar del Libro |
2200242697 (br) |
| 029 1# - OTRO NÚMERO DE CONTROL DE SISTEMA (OCLC) |
| Identificador de la biblioteca OCLC |
ZWZ |
| Número de control de sistema |
133802205 |
| 035 ## - NÚMERO DE CONTROL DEL SISTEMA |
| Número de control de sistema |
(OCoLC)470972014 |
| 082 00 - NÚMERO DE LA CLASIFICACIÓN DECIMAL DEWEY |
| Número de clasificación |
327.160 90511 |
| 049 ## - FONDOS LOCALES (OCLC) |
| Biblioteca depositaria |
GRAL |
| 050 14 - SIGNATURA TOPOGRÁFICA DE LA BIBLIOTECA DEL CONGRESO |
| Número de clasificación |
416 DS 119.76 |
| Número de ítem |
B715v 2009 |
| 100 1# - ENTRADA PRINCIPAL--NOMBRE DE PERSONA |
| Nombre de persona |
Boniface, Pascal, |
| Fechas asociadas al nombre |
1956-. |
| 245 10 - MENCIÓN DEL TÍTULO |
| Título |
Vers la quatriéme guerre mondiale ? / |
| Mención de responsabilidad, etc. |
Pascal Boniface. |
| 246 04 - FORMA VARIANTE DEL TITULO |
| Título propio/Titulo breve |
Vers la 4e guerre mondiale ? |
| 250 ## - MENCION DE EDICION |
| Mención de edición |
2e ed. |
| 260 ## - PUBLICACIÓN, DISTRIBUCIÓN, ETC. |
| Lugar de publicación, distribución, etc. |
Paris : |
| Nombre del editor, distribuidor, etc. |
Edition Armand Colin, |
| Fecha de publicación, distribución, etc. |
2009 c2005 |
| 300 ## - DESCRIPCIÓN FÍSICA |
| Extensión |
205 p.; |
| Dimensiones |
23 cm. |
| 500 ## - NOTA GENERAL |
| Nota general |
La couv. porte en plus : "Ou on en est : apráes Gaza, apres Obama" |
| 500 ## - NOTA GENERAL |
| Nota general |
En appendice, liste des vetos americains au Conseil de securite des Nations Unies concernant le conflit israelo-palestinien. |
| 504 ## - NOTA DE BIBLIOGRAFÍA, ETC. |
| Nota de bibliografía, etc. |
Includes index |
| 505 0# - NOTA DE CONTENIDO CON FORMATO |
| Nota de contenido con formato |
Huntington est mor, vive Huntington!, p.9 -- Obama peut-il changer la donne?, p.23 -- Créer son enemi, p.31 -- De la guerre froide au choc des civilisations, p.37 -- Le conflit israélo-palestinien, p.51 -- De la création d`Israël à l`ONU à l`insolement d`Israël à l`ONU, p.63 -- Un diagnostic largement portagé, p.73 -- États-Unis/Israël, p.87 -- Guerre contre le terrorisme, p.117 -- États-Unis, monde musulman, p.143 -- La tentation de l`extension du conflit, p.155 -- Quel rôle pour l`Europe?, p.169 -- Espérer dans les ressorts de la société israélienne, p.179. |
| 650 #7 - PUNTO DE ACCESO ADICIONAL DE MATERIA--TÉRMINO DE MATERIA |
| Término de materia o nombre geográfico como elemento de entrada |
Conflit israelo-arabe. |
| Fuente del encabezamiento o término |
ram |
| 650 #7 - PUNTO DE ACCESO ADICIONAL DE MATERIA--TÉRMINO DE MATERIA |
| Término de materia o nombre geográfico como elemento de entrada |
Tensions internationales |
| Subdivisión cronológica |
1990-.... |
| Fuente del encabezamiento o término |
ram |
| 650 #7 - PUNTO DE ACCESO ADICIONAL DE MATERIA--TÉRMINO DE MATERIA |
| Término de materia o nombre geográfico como elemento de entrada |
Terrorisme |
| Subdivisión general |
Lutte contre |
| Subdivisión cronológica |
1990-.... |
| Fuente del encabezamiento o término |
ram |
| 651 #7 - PUNTO DE ACCESO ADICIONAL DE MATERIA--NOMBRE GEOGRÁFICO |
| Nombre geográfico |
Etats-Unis |
| Subdivisión general |
Relations exterieures |
| Subdivisión geográfica |
Moyen-Orient |
| Subdivisión cronológica |
1990-.... |
| Fuente del encabezamiento o término |
ram |
| 651 #7 - PUNTO DE ACCESO ADICIONAL DE MATERIA--NOMBRE GEOGRÁFICO |
| Nombre geográfico |
Moyen-Orient |
| Subdivisión general |
Relations exterieures |
| Subdivisión geográfica |
Etats-Unis |
| Subdivisión cronológica |
1990-.... |
| Fuente del encabezamiento o término |
ram |
| 856 42 - LOCALIZACIÓN Y ACCESO ELECTRÓNICOS |
| Materiales especificados |
Notice et cote du catalogue de la Bibliotheque nationale de France |
| Identificador Uniforme de Recursos |
<a href="http://catalogue.bnf.fr/ark:/12148/cb41479738j">http://catalogue.bnf.fr/ark:/12148/cb41479738j</a> |
| 886 1# - INFORMACIÓN DE CAMPO MARC FORÁNEO |
| 2 |
intermrc |
| a |
009 |
| b |
a--d--------------- |
| 886 2# - INFORMACIÓN DE CAMPO MARC FORÁNEO |
| 2 |
intermrc |
| a |
680 |
| b |
0- |
| a |
320 |
| b |
320 |
| 942 ## - ELEMENTOS DE ENTRADA SECUNDARIOS (KOHA) |
| Fuente del sistema de clasificación o colocación |
Clasificación de Library of Congress |
| Tipo de ítem Koha |
|
| 946 ## - PROCESAMIENTO DE INFORMACIÓN LOCAL (OCLC) |
| a |
aa |
| 994 ## - |
| -- |
C0 |
| -- |
DRFGD |